| 000 | 00412nam a22001697a 4500 | ||
|---|---|---|---|
| 003 | NUST - PNEC | ||
| 005 | 20170116180858.0 | ||
| 008 | 150901b xxu||||| |||| 00| 0 eng d | ||
| 020 | _a0412362503 | ||
| 040 | _cLIBRARY | ||
| 082 | _a620.106 MAS | ||
| 100 |
_96166 _a Massey, B. S |
||
| 245 |
_aMechanics of fluids _cB. S,Massey |
||
| 250 | _a6th ed | ||
| 650 |
_96167 _aFluid mechanics _xME |
||
| 942 |
_2ddc _cBK |
||
| 999 |
_c64892 _d64892 |
||